| 000 | 01274nam a22003377a 4500 | ||
|---|---|---|---|
| 005 | 20110127111658.0 | ||
| 008 | 110127t xxu||||| |||| 00| 0 eng d | ||
| 010 | _aENG-101963 | ||
| 020 |
_a9780198069409 _c750.00 |
||
| 020 |
_a0198069405 _c750.00 |
||
| 035 | _aEN-85496 | ||
| 037 | _bDBAD/PUB | ||
| 040 |
_adpl _bEng |
||
| 082 | _a306.8509546 | ||
| 100 |
_925588 _aMadan, T. N. |
||
| 245 |
_aThe Hindu householder : _cby T. N. Madan _bthe T.N. Madan omnibus / |
||
| 260 |
_aNew Delhi _bOxford University Press _c2010 |
||
| 270 |
_aYMCA Library Building, Jai Singh Road _bNew Delhi _e110001 |
||
| 300 |
_avarious pagings : _c24cm (Hb) _bill., map |
||
| 500 | _aIncludes bibliographical references and indexes | ||
| 505 | _aIt includes two truly iconic works- Family and kinship: a study of the Pandits of rural Kashmir ; 2nd enl. ed and Non-renunciation: themes and interpretations of Hindu culture | ||
| 650 | _925585 | ||
| 650 | _925598 | ||
| 650 | _925621 | ||
| 650 | _925622 | ||
| 650 | _925623 | ||
| 651 | _925590 | ||
| 700 | _925586 | ||
| 942 |
_2ddc _cEN _h306.8509546 _mMAD |
||
| 999 |
_c50121 _d50121 |
||